Featured reviews in mathematical reviews / (Record no. 16183)

MARC details
000 -LEADER
fixed length control field 01453cac a2200373 i 4500
001 - CONTROL NUMBER
control field 11502663
003 - CONTROL NUMBER IDENTIFIER
control field EG-ScBUE
005 - DATE AND TIME OF LATEST TRANSACTION
control field 20240903135337.0
008 - FIXED-LENGTH DATA ELEMENTS--GENERAL INFORMATION
fixed length control field 970618k19982000enkar f 000 001ng eng d
020 ## - INTERNATIONAL STANDARD BOOK NUMBER
International Standard Book Number 0821821660
020 ## - INTERNATIONAL STANDARD BOOK NUMBER
International Standard Book Number 9780821821664
035 ## - SYSTEM CONTROL NUMBER
System control number (OCoLC)ocm37146080
040 ## - CATALOGING SOURCE
Original cataloging agency NSDP
Language of cataloging eng
Description conventions rda
Transcribing agency NSDP
Modifying agency WaU
-- DLC
-- NSDP
-- DLC
-- NSDP
-- WaU
-- OCoLC
-- EG-ScBuE
082 04 - DEWEY DECIMAL CLASSIFICATION NUMBER
Classification number 510
Edition number 22
Item number FEA
245 00 - TITLE STATEMENT
Title Featured reviews in mathematical reviews /
Statement of responsibility, etc edited by Donald G. Babbitt and Jane E. Kister.
264 #1 - PUBLICATION, DISTRIBUTION, ETC. (IMPRINT)
Place of publication, distribution, etc Providence, Rhode Island :
Name of publisher, distributor, etc American Mathematical Society,
Date of publication, distribution, etc 1998-2000.
300 ## - PHYSICAL DESCRIPTION
Extent 2 volumes :
Other physical details illustrations ;
Dimensions 26 cm.
336 ## - CONTENT TYPE
Source rdacontent
Content type term text
Content type code txt
337 ## - MEDIA TYPE
Media type term unmediated
Source rdamedia
Media type code n
338 ## - CARRIER TYPE
Carrier type term volume
Carrier type code nc
Source rdacarrier
490 0# - SERIES STATEMENT
Series statement Featured reviews in mathematical reviews
500 ## - GENERAL NOTE
General note Includes Index.
505 ## - FORMATTED CONTENTS NOTE
Title Volume 1. Featured Reviews in Mathematical Reviews 1995-1996: Reviews of Outstanding Recent Books and Papers -- Volume 2. Featured Reviews in Mathematical Reviews 1997-1999: with selected reviews of classic books and papers from 1940-1969.
590 ## - LOCAL NOTE (RLIN)
Local note yassmeen ashraf
650 #7 - SUBJECT ADDED ENTRY--TOPICAL TERM
Topical term or geographic name as entry element Mathematics.
9 (RLIN) 27685
Source of heading or term BUEsh
651 ## - SUBJECT ADDED ENTRY--GEOGRAPHIC NAME
Source of heading or term BUEsh
653 ## - INDEX TERM--UNCONTROLLED
Resource For college Engineering, General
Arrived date list August2015
655 ## - INDEX TERM--GENRE/FORM
Form subdivision Reading book
700 1# - ADDED ENTRY--PERSONAL NAME
9 (RLIN) 27683
Personal name Babbitt, Donald G.,
Relator term editor.
700 1# - ADDED ENTRY--PERSONAL NAME
9 (RLIN) 27684
Personal name Kister, Jane E.,
Relator term editor.
730 0# - ADDED ENTRY--UNIFORM TITLE
Uniform title Mathematical reviews.
9 (RLIN) 27688
942 ## - ADDED ENTRY ELEMENTS (KOHA)
Source of classification or shelving scheme Dewey Decimal Classification
Koha item type Book - Borrowing
Holdings
Withdrawn status Lost status Source of classification or shelving scheme Damaged status Not for loan Collection code Home library Current library Shelving location Date acquired Source of acquisition Cost, normal purchase price Total Checkouts Full call number Barcode Date last seen Price effective from Koha item type
    Dewey Decimal Classification     سور الازبكية Central Library Central Library First floor 27/10/2011 Purchase 160.00   510 FEA 000025491 15/07/2025 27/10/2011 Book - Borrowing
    Dewey Decimal Classification     Alahram Central Library Central Library First floor 26/08/2015 Purchase     510 FEA 000025490 15/07/2025 26/08/2015 Book - Borrowing